2025 NFL draft - Statistics

General Stats
  • This quiz has been taken 106 times
  • The average score is 90 of 257
Answer Stats
Pick College/Position Answer % Correct
Titans (1:1) QB/Miami (FL) Cam Ward
100%
Jaguars (1:2) CB & WR/Colorado Travis Hunter
100%
Patriots (1:4) OT/LSU Will Campbell
100%
Giants (1:3) EDGE/Penn St Abdul Carter
97%
Raiders (1:6) RB/Boise St Ashton Jeanty
97%
Rams (4:117) RB/Auburn Jarquez Hunter
97%
Browns (1:5) DT/Michigan Mason Graham
97%
Bengals (4:119) LB/Clemson Barrett Carter
91%
Bears (1:10) TE/Michigan Colston Loveland
91%
Eagles (1:31) LB/Alabama Jihaad Campbell
91%
Jets (1:7) OT/Missouri Armand Membou
88%
Colts (1:14) TE/Penn St Tyler Warren
82%
Giants (1:25) QB/Mississippi Jaxson Dart
79%
Panthers (1:8) WR/Arizona Tetairoa McMillan
79%
Buccaneers (1:19) WR/Ohio St Emeka Egbuka
76%
Ravens (1:27) S/Georgia Malaki Starks
76%
Packers (1:23) WR/Texas Matthew Golden
76%
49ers (1:11) EDGE/Georgia Mykel Williams
76%
Eagles (6:207) OT/Texas Cameron Williams
73%
Packers (7:250) OG/Cincinnati John Williams
73%
Patriots (3:69) WR/Washington St Kyle Williams
73%
Chiefs (3:85) CB/California Nohl Williams
73%
Chargers (1:22) RB/North Carolina Omarion Hampton
73%
Packers (3:87) WR/TCU Savion Williams
73%
Lions (1:28) DT/Ohio St Tyleik Williams
73%
Seahawks (1:18) OG/North Dakota St Grey Zabel
70%
Steelers (8:83) RB/Iowa Kaleb Johnson
70%
Bengals (1:17) EDGE/Texas A&M Shemar Stewart
70%
Buccaneers (7:235) WR/Oregon Tez Johnson
70%
Cowboys (1:12) OG/Alabama Tyler Booker
70%
Cardinals (2:47) CB/Michigan Will Johnson
70%
Falcons (1:26) EDGE/Tennessee James Pearce Jr.
67%
Rams (3:90) EDGE/Michigan Josaiah Stewart
67%
Ravens (2:59) EDGE/Marshall Mike Green
67%
Browns (2:36) RB/Ohio St Quinshon Judkins
67%
Browns (5:144) QB/Colorado Shedeur Sanders
67%
Bills (2:41) DT/South Carolina T.J. Sanders
67%
Saints (2:40) QB/Louisville Tyler Shough
67%
Falcons (1:15) EDGE/Georgia Jalon Walker
64%
Saints (1:9) OT/Texas Kelvin Banks Jr.
64%
Bears (2:39) WR/Missouri Luther Burden III
64%
Patriots (2:38) RB/Ohio St TreVeyon Henderson
64%
Giants (4:105) RB/Arizona St Cam Skattebo
61%
Buccaneers (4:121) EDGE/Central Arkansas David Walker
61%
Bills (4:109) DT/Kentucky Deone Walker
61%
Steelers (1:21) DT/Oregon Derrick Harmon
61%
Browns (3:94) QB/Oregon Dillon Gabriel
61%
Broncos (1:20) CB/Texas Jahdae Barron
61%
Texans (2:34) WR/Iowa St Jayden Higgins
61%
Cardinals (1:16) DT/Mississippi Walter Nolen
61%
Steelers (6:185) QB/Ohio St Will Howard
61%
Raiders (2:58) WR/TCU Jack Bech
58%
Seahawks (3:92) QB/Alabama Jalen Milroe
58%
Titans (6:183) CB/California Marcus Harris
58%
Bills (1:30) CB/Kentucky Maxwell Hairston
58%
Chargers (2:55) WR/Mississippi Tre Harris
58%
Panthers (5:140) DT/Florida Cam Jackson
55%
Raiders (3:99) OT/William & Mary Charles Grant
55%
Lions (7:230) S/Georgia Dan Jackson
55%
Vikings (1:24) OG/Ohio St Donovan Jackson
55%
Chiefs (1:32) OT/Ohio St Josh Simmons
55%
Dolphins (1:13) DT/Michigan Kenneth Grant
55%
Bills (3:72) EDGE/Arkansas Landon Jackson
55%
Dolphins (7:231) QB/Texas Quinn Ewers
55%
Browns (4:126) RB/Tennessee Dylan Sampson
52%
Chargers (5:158) WR/Auburn KeAndre Lambert-Smith
52%
Jets (4:110) WR/Georgia Arian Smith
48%
Chiefs (7:228) RB/SMU Brashard Smith
48%
Seahawks (2:50) TE/Miami (FL) Elijah Arroyo
48%
Browns (3:67) TE/Bowling Green Harold Fannin Jr.
48%
Cardinals (6:211) OG/Texas Hayden Conner
48%
Cowboys (5:149) RB/Texas Jaydon Blue
48%
Texans (3:97) CB/USC Jaylin Smith
48%
49ers (5:147) RB/Oregon Jordan James
48%
Eagles (6:181) QB/Syracuse Kyle McCord
48%
Jets (2:42) TE/LSU Mason Taylor
48%
Seahawks (2:35) S/South Carolina Nick Emmanwori
48%
Colts (6:189) QB/Notre Dame Riley Leonard
48%
Cowboys (5:152) LB/Florida Shemar James
48%
Colts (6:190) DT/Alabama Tim Smith
48%
Chargers (6:199) OT/Pittsburgh Branson Taylor
45%
Browns (2:33) LB/UCLA Carson Schwesinger
45%
Ravens (3:91) OT/LSU Emery Jones Jr.
45%
Seahawks (7:238) WR/UNLV Ricky White III
45%
Broncos (3:101) EDGE/LSU Sai’vion Jones
45%
Buccaneers (2:53) CB/Notre Dame Benjamin Morrison
42%
Steelers (4:123) EDGE/Ohio St Jack Sawyer
42%
Commanders (1:29) OT/Oregon Josh Conerly Jr.
42%
Panthers (4:114) RB/Georgia Trevor Etienne
42%
Commanders (2:61) CB/Mississippi Trey Amos
42%
Jaguars (4:104) RB/Virginia Tech Bhayshul Tuten
39%
Titans (4:136) WR/Stanford Elic Ayomanor
39%
Texans (6:197) QB/Florida Graham Mertz
39%
Titans (4:120) TE/Texas Gunner Helm
39%
Giants (7:246) CB/Oklahoma St Korie Black
39%
Dolphins (6:179) RB/Oklahoma St Ollie Gordon II
39%
Broncos (2:60) RB/UCF RJ Harvey
39%
Falcons (3:96) S/Notre Dame Xavier Watts
39%
Steelers (5:164) DT/Iowa Yahya Black
39%
Eagles (2:64) S/Texas Andrew Mukuba
36%
Lions (3:70) WR/Arkansas Isaac TeSlaa
36%
Chiefs (4:133) WR/Utah St Jalen Royals
36%
Texans (3:79) WR/Iowa St Jaylin Noel
36%
Dolphins (2:37) OG/Arizona Jonah Savaiinaea
36%
49ers (7:227) QB/Indiana Kurtis Rourke
36%
Packers (7:237) CB/Tulane Micah Robinson
36%
Broncos (4:134) EDGE/Alabama Que Robinson
36%
Rams (2:46) TE/Oregon Terrance Ferguson
36%
Seahawks (5:166) WR/Colorado St Tory Horton
36%
Eagles (4:111) DT/Nebraska Ty Robinson
36%
49ers (2:43) DT/Texas Alfred Collins
33%
Jets (3:73) CB/Florida St Azareye’h Thomas
33%
Giants (3:65) DT/Toledo Darius Alexander
33%
Saints (6:184) RB/Kansas Devin Neal
33%
Cowboys (3:76) CB/East Carolina Shavon Revel Jr.
33%
Lions (2:57) OG/Georgia Tate Ratledge
33%
Raiders (3:68) CB/Iowa St Darien Porter
30%
Colts (4:127) OT/Iowa St Jalen Travis
30%
Patriots (3:95) C/Georgia Jared Wilson
30%
49ers (3:75) LB/Oklahoma St Nick Martin
30%
Panthers (2:51) EDGE/Texas A&M Nic Scourton
30%
Vikings (3:102) WR/Maryland Tai Felton
30%
Texans (4:116) RB/USC Woody Marks
30%
Chiefs (3:66) EDGE/Louisville Ashton Gillotte
27%
Falcons (4:118) S/Oklahoma Billy Bowman Jr.
27%
Raiders (6:215) QB/North Dakota St Cam Miller
27%
Titans (4:103) WR/Florida Chimere Dike
27%
49ers (4:113) DT/Indiana CJ West
27%
Bengals (2:49) LB/South Carolina Demetrius Knight Jr.
27%
Colts (5:151) RB/Kansas St DJ Giddens
27%
Jaguars (4:107) LB/Notre Dame Jack Kiser
27%
Chiefs (5:156) LB/Oregon Jeffrey Bassa
27%
Panthers (6:208) WR/Colorado Jimmy Horn Jr.
27%
Vikings (6:201) LB/Penn St Kobe King
27%
Bears (7:233) RB/Rutgers Kyle Monangai
27%
Panthers (4:122) S/Ohio St Lathan Ransom
27%
Patriots (7:220) OT/Missouri Marcus Bryant
27%
Giants (5:154) OG/Purdue Marcus Mbow
27%
Chargers (5:165) TE/Syracuse Oronde Gadsden II
27%
Broncos (3:74) WR/Illinois Pat Bryant
27%
Bears (2:62) DT/Texas A&M Shemar Turner
27%
Bengals (6:193) RB/Texas Tech Tahj Brooks
27%
Texans (2:48) OT/Minnesota Aireontae Ersery
24%
Cardinals (5:174) CB/Ohio St Denzel Burke
24%
Cowboys (2:44) EDGE/Boston College Donovan Ezeiruaku
24%
Raiders (4:108) WR/Tennessee Dont’e Thornton Jr.
24%
Chargers (3:86) DT/Oregon Jamaree Caldwell
24%
Cardinals (3:78) EDGE/Oregon Jordan Burch
24%
Colts (2:45) EDGE/Ohio St JT Tuimoloau
24%
Titans (3:82) S/Penn St Kevin Winston Jr.
24%
Chiefs (2:63) DT/Tennessee Omar Norman-Lott
24%
Bears (2:56) OT/Boston College Ozzy Trapilo
24%
Panthers (3:77) EDGE/Mississippi Princely Umanmielen
24%
Jaguars (3:89) OG/West Virginia Wyatt Milum
24%
Lions (6:196) EDGE/Boise St Ahmed Hassanein
21%
Packers (2:54) OT/NC St Anthony Belton
21%
Packers (4:124) EDGE/Texas Barryn Sorrell
21%
Bills (6:206) OT/UConn Chase Lundt
21%
Rams (5:172) LB/Mississippi Chris Paul Jr.
21%
Seahawks (7:223) RB/Miami (FL) Damien Martinez
21%
Saints (4:112) LB/Oklahoma Danny Stutsman
21%
Bills (5:173) TE/Georgia Tech Jackson Hawes
21%
Dolphins (5:150) CB/Florida Jason Marshall Jr.
21%
Texans (6:187) S/Penn St Jaylen Reed
21%
Commanders (4:128) WR/Virginia Tech Jaylin Lane
21%
Patriots (4:137) DT/Florida St Joshua Farmer
21%
Patriots (7:257) CB/Memphis Kobee Minor
21%
Chargers (4:125) EDGE/South Carolina Kyle Kennard
21%
Jets (4:130) S/Alabama Malachi Moore
21%
Titans (2:52) EDGE/UCLA Oluwafemi Oladejo
21%
Jaguars (6:200) S/Navy Rayuan Lane III
21%
Eagles (5:161) LB/Georgia Smael Mondon Jr.
21%
Patriots (6:182) K/Miami (FL) Andres Borregales
18%
Patriots (5:146) EDGE/LSU Bradyn Swinson
18%
Jaguars (3:88) CB/Tulane Caleb Ransaw
18%
Cardinals (4:115) LB/Ohio St Cody Simon
18%
Patriots (4:106) S/California Craig Woodson
18%
Bills (6:177) CB/Virginia Tech Dorian Strong
18%
Bengals (3:81) OG/Georgia Dylan Fairchild
18%
Buccaneers (5:157) EDGE/SMU Elijah Roberts
18%
Buccaneers (3:84) CB/Kansas St Jacob Parrish
18%
Bengals (5:153) OG/Miami (FL) Jalen Rivers
18%
Saints (3:93) S/Virginia Jonas Sanker
18%
Ravens (6:203) WR/Colorado LaJohntay Wester
18%
Cowboys (7:239) RB/Clemson Phil Mafah
18%
Jets (5:176) EDGE/Miami (FL) Tyler Baron
18%
Ravens (6:186) K/Arizona Tyler Loop
18%
Vikings (5:139) EDGE/Georgia Tyrion Ingram-Dawkins
18%
Saints (3:71) DT/Texas Vernon Broughton
18%
Ravens (5:141) OT/Alabama A&M Carson Vinson
15%
Packers (5:159) LB/Oklahoma St Collin Oliver
15%
Falcons (7:218) OT/Wisconsin Jack Nelson
15%
Commanders (7:245) RB/Arizona Jacory Croskey-Merritt
15%
Texans (7:224) DT/Rutgers Kyonte Hamilton
15%
Lions (5:171) OG/LSU Miles Frazier
15%
Panthers (5:163) TE/Notre Dame Mitchell Evans
15%
Saints (4:131) CB/Louisville Quincy Riley
15%
Seahawks (5:142) DT/Notre Dame Rylie Mills
15%
Rams (5:148) DT/Ohio St Ty Hamilton
15%
Bears (5:169) CB/UTSA Zah Frazier
15%
Ravens (6:210) DT/Virginia Tech Aeneas Peebles
12%
Cowboys (6:204) OT/Oregon Ajani Cornelius
12%
Eagles (6:209) EDGE/Virginia Tech Antwaun Powell-Ryland
12%
Dolphins (5:155) S/Maryland Dante Trader Jr.
12%
Lions (7:244) WR/Georgia Dominic Lovett
12%
Eagles (5:168) C/Boston College Drew Kendall
12%
Colts (7:232) S/Wisconsin Hunter Wohler
12%
Jaguars (7:221) C/USC Jonah Monheim
12%
Bills (5:170) CB/Ohio St Jordan Hancock
12%
Colts (3:80) CB/Minnesota Justin Walley
12%
Titans (6:188) RB/Michigan Kalel Mullings
12%
Jaguars (7:236) RB/Syracuse LeQuint Allen
12%
Eagles (5:145) CB/UCF Mac McWilliams
12%
Seahawks (5:175) TE/Alabama Robbie Ouzts
12%
Bears (4:132) LB/Maryland Ruben Hyppolite II
12%
Ravens (4:129) LB/California Teddye Buchanan
12%
Giants (7:219) TE/Nebraska Thomas Fidone II
12%
Raiders (4:135) DT/South Carolina Tonka Hemingway
12%
49ers (3:100) CB/Western Kentucky Upton Stout
12%
Ravens (6:178) CB/Western Michigan Bihal Kone
9%
Raiders (3:98) OT/Texas Tech Caleb Rogers
9%
49ers (7:249) OG/Iowa Connor Colby
9%
Steelers (7:229) CB/Central Michigan Donte Kent
9%
Jets (5:162) LB/Miami (FL) Francisco Mauigoa
9%
Ravens (7:243) OG/LSU Garrett Dellinger
9%
Vikings (6:202) TE/Pittsburgh Gavin Bartholomew
9%
Titans (5:167) OG/Sacramento St Jackson Slater
9%
Dolphins (5:143) DT/Maryland Jordan Phillips
9%
Patriots (7:251) LS/Vanderbilt Julian Ashby
9%
Bears (6:195) OT/Michigan St Luke Newman
9%
49ers (5:160) S/Kansas St Marques Sigle
9%
Raiders (6:213) WR/Montana St Tommy Mellott
9%
Packers (6:198) DT/Georgia Warren Brinson
9%
Steelers (7:226) LB/Washington Carson Bruener
6%
Saints (7:254) EDGE/Syracuse Fadil Diggs
6%
Cowboys (7:217) DT/UCLA Jay Toia
6%
Broncos (6:216) P/Florida Jeremy Crawshaw
6%
Raiders (6:180) DT/Mississippi JJ Pegues
6%
49ers (4:138) WR/Mississippi Jordan Watkins
6%
Bills (7:240) WR/Maryland Kaden Prather
6%
Commanders (6:205) LB/UCLA Kain Medrano
6%
Cardianls (7:225) S/Nevada Kitan Crawford
6%
Rams (7:242) WR/Pittsburgh Konata Mumpfield
6%
Texans (2:255) TE/Iowa Luke Lachey
6%
Dolphins (7:253) DT/Georgia Tech Zeek Biggers
6%
Seahawks (6:192) OT/Kansas Bryce Cabledue
3%
Broncos (7:241) TE/Utah Caleb Lohner
3%
Raiders (7:222) LB/Minnesota Cody Lindenberg
3%
Jaguars (6:194) LB/Auburn Jalen McLeod
3%
49ers (7:252) WR/Montana Junior Bergen
3%
Saints (7:248) TE/UCLA Moliki Matavao
3%
Eagles (6:191) OT/Michigan Myles Hinton
3%
Chargers (6:214) S/Clemson R.J. Mickens
3%
Ravens (6:212) CB/Rutgers Robert Longerbeam
3%
Chargers (2:256) S/Florida Trikweze Bridges
3%
Seahawks (7:234) OT/Iowa Mason Richman
0%
Cowboys (7:247) DT/Maryland Tommy Akingbesote
0%
No matching quizzes found
Score Distribution
Percent of People with Each Score
Percentile by Number Answered
Your Score History
You have not taken this quiz